00750nam a2200181 a 450000100100000000500170001000800410002702000150006804000250008310000570010824501500016526000680031530000360038350400320041950400730045170000270052499900170055100004383620201002045010.0140506s2005 sp ac 000 0 spa d a8460934187 aDO-SdBNPbspacBNPHU1 aSanchidrián Gallego, Jesús María José96985410aÁvila Dibujada :bla ciudad ilustrada en el siglo XIX /Jesús Ma. J. Sanchidrián Gallego ; textos preliminares, Ángel Barrios... [et al.]. aÁvila :bAyuntamiento de Ávila, Área de Urbanismo,c2005. a175 p. :bil., retrs. ;c30 cm. aBibliografía : p. 159-161 aIncluye referencias bibliográficas y notas al pie de las páginas12aBarrio, Ángel971701 c43325d43325